000 00924nam a2200157Ia 4500
008 090711s9999 xx 000 0 und d
082 _b66468
100 _aसाठवणे पां. आ.
245 _aSाुंबक िSाकित्सा/सर्व रोगाकरिता Sाुंबक िSाकित्सा/Sाुंबक िSाकित्सा आिण्
260 _c1990
600 _aसाठवणे पां. आ.
630 _aSाुंबक िSाकित्सा/सर्व रोगाकरिता Sाुंबक िSाकित्सा/Sाुंबक िSाकित्सा आिण्
700 _aसाठवणे पां. आ.
730 _aSाुंबक िSाकित्सा/सर्व रोगाकरिता Sाुंबक िSाकित्सा/Sाुंबक िSाकित्सा आिण्
942 _cBOOK
999 _c326523
_d326523